[Event "Berlin Lichtenberger op 16th"]
[Site "Berlin"]
[Date "2017.08.19"]
[Round "1"]
[White "Bandsom, Olaf"]
[Black "Simon, Ralf Axel"]
[Result "0-1"]
[WhiteElo "1827"]
[BlackElo "2184"]
[PlyCount "50"]
[EventDate "2017.08.19"]
[EventType "swiss"]
[EventRounds "9"]
[EventCountry "GER"]
[SourceTitle "CBM 180 Extra"]
[Source "ChessBase"]
[SourceDate "2017.10.06"]
[SourceVersion "1"]
[SourceVersionDate "2017.10.06"]
[SourceQuality "1"]

1. e4 c5 2. Nf3 d6 3. Nc3 a6 4. d4 cxd4 5. Nxd4 Nf6 6. Be2 e6 7. 0-0 Qc7 8. Be3 b5 9. Bf3 Bb7 10. a3 Nbd7 11. Re1 Be7 12. g3 0-0 13. Bg2 Rfd8 14. f4 Nc5 15. Bd2 d5 16. e5 Nfe4 17. Qe2 Nxc3 18. Bxc3 Na4 19. Qd3 Rac8 20. f5 Nxc3 21. bxc3 Qxc3 22. fxe6 Qxd3 23. exf7+ Kxf7 24. e6+ Ke8 25. cxd3 Bc5 0-1

[Event "Berlin Lichtenberger op 13th"]
[Site "Berlin"]
[Date "2014.08.22"]
[Round "7"]
[White "Bandsom, Olaf"]
[Black "Dietzel, Uwe"]
[Result "1-0"]
[WhiteElo "1812"]
[BlackElo "1705"]
[PlyCount "91"]
[EventDate "2014.08.16"]
[EventType "swiss"]
[EventRounds "9"]
[EventCountry "GER"]
[SourceTitle "CBM 161 Extra"]
[Source "ChessBase"]
[SourceDate "2014.08.29"]
[SourceVersion "1"]
[SourceVersionDate "2014.08.29"]
[SourceQuality "1"]

1. e4 e6 2. d4 d5 3. Nc3 h6 4. exd5 exd5 5. Bd3 Nf6 6. Nge2 Be7 7. 0-0 0-0 8. Ng3 c6 9. h3 Bd6 10. Nf5 Bxf5 11. Bxf5 Nbd7 12. Be3 Re8 13. Re1 Nb6 14. Bd3 Qd7 15. Qf3 Qd8 16. Bd2 Rxe1+ 17. Rxe1 Nbd7 18. Ne2 Nf8 19. Ng3 Ne6 20. c3 Bf8 21. Qf5 g6 22. Qf3 Ng5 23. Qd1 Ngh7 24. Qc1 h5 25. Qc2 Kg7 26. Bf4 Bd6 27. Be5 Qc7 28. Re3 Nf8 29. Qe2 N8d7 30. f4 h4 31. Nh1 Bxe5 32. fxe5 Nh5 33. Qg4 Qd8 34. e6 Ndf6 35. Qxh4 Qe7 36. Ng3 Rh8 37. Nxh5+ Rxh5 38. Qe1 Ne4 39. Bxe4 dxe4 40. Rxe4 fxe6 41. Rxe6 Qg5 42. Re5 Qf4 43. Re7+ Kh6 44. Qe3 Qxe3+ 45. Rxe3 Rb5 46. b3 1-0

[Event "Berlin Lichtenberger op 12th"]
[Site "Berlin"]
[Date "2013.08.25"]
[Round "9"]
[White "Bandsom, Olaf"]
[Black "Dathe, Frederick"]
[Result "1-0"]
[WhiteElo "1808"]
[BlackElo "1458"]
[PlyCount "99"]
[EventDate "2013.08.17"]
[EventType "swiss"]
[EventRounds "9"]
[EventCountry "GER"]
[SourceTitle "CBM 156 Extra"]
[Source "ChessBase"]
[SourceDate "2013.10.22"]
[SourceVersion "1"]
[SourceVersionDate "2013.10.22"]
[SourceQuality "1"]

1. e4 c5 2. Nf3 Nc6 3. d4 cxd4 4. Nxd4 g6 5. Nc3 Bg7 6. Be3 d6 7. Qd2 Nf6 8. h3 0-0 9. Be2 Bd7 10. f3 a6 11. 0-0-0 Rc8 12. Kb1 Qc7 13. g4 Ne5 14. g5 Nh5 15. Nd5 Qd8 16. Qb4 Ng3 17. Rh2 Nxe2 18. Rxe2 b5 19. f4 Nc4 20. e5 Nxe3 21. Rxe3 Rc4 22. Qe1 Be6 23. b3 Bxd5 24. bxc4 Bxc4 25. Nb3 d5 26. Qa5 Bxb3 27. Qxd8 Bxc2+ 28. Kxc2 Rxd8 29. Ra3 Rc8+ 30. Rc3 Rxc3+ 31. Kxc3 e6 32. Kb4 Kf8 33. Ka5 Ke8 34. Kxa6 b4 35. Kb5 Bf8 36. Rc1 Kd7 37. Kb6 Be7 38. Rc7+ Ke8 39. Kc6 Kd8 40. Ra7 Ke8 41. Ra8+ Bd8 42. Kb5 Kd7 43. Kxb4 Bb6 44. Kc3 Be3 45. Ra4 d4+ 46. Kd3 Ke7 47. Rxd4 Bxd4 48. Kxd4 Kd7 49. Kc5 Kc7 50. a4 1-0

[Event "Berlin Lichtenberger op 12th"]
[Site "Berlin"]
[Date "2013.08.24"]
[Round "8"]
[White "Willich, Manfred"]
[Black "Bandsom, Olaf"]
[Result "1-0"]
[WhiteElo "1981"]
[BlackElo "1808"]
[PlyCount "75"]
[EventDate "2013.08.17"]
[EventType "swiss"]
[EventRounds "9"]
[EventCountry "GER"]
[SourceTitle "CBM 156 Extra"]
[Source "ChessBase"]
[SourceDate "2013.10.22"]
[SourceVersion "1"]
[SourceVersionDate "2013.10.22"]
[SourceQuality "1"]

1. d4 Nf6 2. c4 g6 3. Nc3 d5 4. cxd5 Nxd5 5. Na4 Bg7 6. Nf3 Nc6 7. e4 Nb6 8. Be3 0-0 9. Be2 Nxa4 10. Qxa4 Bd7 11. Qc2 Bg4 12. d5 Bxf3 13. Bxf3 Ne5 14. Be2 f5 15. f4 Bh6 16. 0-0 fxe4 17. Qxe4 Nd7 18. Rad1 Nf6 19. Qc4 Kh8 20. Bd4 Bg7 21. Be5 Rc8 22. Bf3 Nd7 23. Bxg7+ Kxg7 24. Bg4 Rf6 25. Qb4 Rb8 26. Rfe1 Kf7 27. Re2 Nb6 28. Be6+ Kf8 29. Re4 Qd6 30. Qd4 c5 31. Qe3 Rd8 32. g4 Nc4 33. Qc3 Ke8 34. Qxc4 a6 35. Rc1 b6 36. Qxa6 Rxf4 37. Rxf4 Qxf4 38. Qb5+ 1-0

[Event "Berlin Lichtenberger op 11th"]
[Site "Berlin"]
[Date "2012.08.26"]
[Round "9"]
[White "Bandsom, Olaf"]
[Black "Walter, Guenter2222"]
[Result "0-1"]
[WhiteElo "1800"]
[BlackElo "1983"]
[PlyCount "74"]
[EventDate "2012.08.18"]
[EventType "swiss"]
[EventRounds "9"]
[EventCountry "GER"]
[SourceTitle "CBM 150 Extra"]
[Source "ChessBase"]
[SourceDate "2012.10.19"]
[SourceVersion "1"]
[SourceVersionDate "2012.10.19"]
[SourceQuality "1"]

1. e4 e5 2. Nf3 Nc6 3. Bc4 Nf6 4. Ng5 d5 5. exd5 Na5 6. Bb5+ c6 7. dxc6 bxc6 8. Qf3 Rb8 9. Bxc6+ Nxc6 10. Qxc6+ Nd7 11. Ne4 Rb6 12. Qc3 f5 13. Ng3 Bb4 14. Qd3 0-0 15. a3 Bc5 16. b4 Bd4 17. Qc4+ Kh8 18. c3 Ba6 19. Qa2 Bxf2+ 20. Kxf2 Qh4 21. Kg1 f4 22. d3 Bxd3 23. Nf1 Qe1 24. Qf2 Qxc1 25. h3 f3 26. gxf3 Bxb1 27. Kg2 Qg5+ 28. Ng3 Bd3 29. h4 Qf4 30. Rad1 e4 31. Kg1 Rg6 32. Rh3 Qxf3 33. Qxf3 Rxf3 34. Kh2 Nf6 35. Rd2 Ng4+ 36. Kg1 Ne5 37. Kh2 Kg8 0-1

[Event "Berlin Lichtenberger op 10th"]
[Site "Berlin"]
[Date "2011.08.16"]
[Round "4"]
[White "Toth, Hans Juergen"]
[Black "Bandsom, Olaf"]
[Result "0-1"]
[WhiteElo "1641"]
[BlackElo "1778"]
[PlyCount "74"]
[EventDate "2011.08.13"]
[EventType "swiss"]
[EventRounds "9"]
[EventCountry "GER"]
[SourceTitle "CBM 143 Extra"]
[Source "ChessBase"]
[SourceDate "2011.08.29"]
[SourceVersion "1"]
[SourceVersionDate "2011.08.29"]
[SourceQuality "1"]

1. f4 Nf6 2. Nf3 d5 3. e3 g6 4. c4 e6 5. b3 Bg7 6. Bb2 0-0 7. Ne5 Ne4 8. g3 Nd7 9. d4 c5 10. cxd5 Qa5+ 11. Nd2 exd5 12. Qc2 cxd4 13. Bxd4 Nxe5 14. fxe5 Bf5 15. Qb2 Qxd2+ 16. Qxd2 Nxd2 17. Kxd2 Be4 18. Rg1 Rac8 19. Bg2 Rc2+ 20. Kd1 Rxg2 21. Rxg2 Bxg2 22. Rc1 Re8 23. Bxa7 Bxe5 24. Kd2 Ra8 25. Bd4 Rxa2+ 26. Rc2 Rxc2+ 27. Kxc2 Bxd4 28. exd4 Kf8 29. Kd3 Ke7 30. Ke3 g5 31. h4 h6 32. hxg5 hxg5 33. b4 f5 34. Kf2 Be4 35. Kg1 f4 36. Kf2 Kd6 37. g4 Kc6 0-1

[Event "Berlin Lichtenberger op 9th"]
[Site "Berlin"]
[Date "2010.08.11"]
[Round "6"]
[White "Schmitt, Jens Ole"]
[Black "Bandsom, Olaf"]
[Result "0-1"]
[WhiteElo "1339"]
[BlackElo "1779"]
[PlyCount "62"]
[EventDate "2010.08.07"]
[EventType "swiss"]
[EventRounds "9"]
[EventCountry "GER"]
[SourceTitle "CBM 137 Extra"]
[Source "ChessBase"]
[SourceDate "2010.09.01"]
[SourceVersion "1"]
[SourceVersionDate "2010.09.01"]
[SourceQuality "1"]

1. e4 e5 2. Nf3 Nc6 3. Bb5 a6 4. Ba4 Nf6 5. 0-0 Be7 6. Re1 b5 7. Bb3 0-0 8. c3 d6 9. h3 Be6 10. d4 exd4 11. cxd4 Bxb3 12. axb3 Nd7 13. Qc2 Nb4 14. Qc3 c5 15. dxc5 dxc5 16. Rd1 Qc7 17. Bf4 Qxf4 18. Rxd7 Qxe4 19. Nbd2 Qe6 20. Rb7 Nd5 21. Qe5 Qxe5 22. Nxe5 Bf6 23. Ndf3 Nb4 24. Nd7 Rfe8 25. Nxc5 Bxb2 26. Ra5 Bc3 27. Rd7 Nd3 28. Ra2 Nxc5 29. Rc7 Rac8 30. Rxc8 Rxc8 31. Rc2 b4 0-1

[Event "Berlin Lichtenberger op 9th"]
[Site "Berlin"]
[Date "2010.08.09"]
[Round "3"]
[White "Bandsom, Olaf"]
[Black "Barwich, Andreas"]
[Result "0-1"]
[WhiteElo "1779"]
[BlackElo "1905"]
[PlyCount "86"]
[EventDate "2010.08.07"]
[EventType "swiss"]
[EventRounds "9"]
[EventCountry "GER"]
[SourceTitle "CBM 137 Extra"]
[Source "ChessBase"]
[SourceDate "2010.09.01"]
[SourceVersion "1"]
[SourceVersionDate "2010.09.01"]
[SourceQuality "1"]

1. e4 c5 2. Nf3 Nc6 3. d4 cxd4 4. Nxd4 Nf6 5. Nc3 e5 6. Ndb5 d6 7. Bg5 a6 8. Na3 Be7 9. Qd2 b5 10. Bxf6 Bxf6 11. Ne2 Be6 12. c3 0-0 13. Nc2 Qc7 14. Ng3 Rfd8 15. Bd3 Qe7 16. 0-0 Bg5 17. Qe2 Rab8 18. a4 bxa4 19. Rxa4 Rxb2 20. Rxa6 Nb8 21. Raa1 g6 22. Qe1 Qc7 23. Ne2 Qc5 24. Rb1 Rxb1 25. Qxb1 Nd7 26. Qb4 Rb8 27. Qxc5 Nxc5 28. h4 Nxd3 29. Rd1 Rb2 30. hxg5 Rxc2 31. Rxd3 Rxe2 32. Rxd6 Re1+ 33. Kh2 Rxe4 34. f3 Rc4 35. Rd3 Kg7 36. Kg3 h6 37. gxh6+ Kxh6 38. Re3 Rc5 39. f4 exf4+ 40. Kxf4 Kg7 41. Rd3 Kf8 42. g3 Ke7 43. Ke3 Rd5 0-1

[Event "Berlin Lichtenberger op 8th"]
[Site "Berlin"]
[Date "2009.08.19"]
[Round "5"]
[White "Bandsom, Olaf"]
[Black "Just, Detlef"]
[Result "1/2-1/2"]
[WhiteElo "1786"]
[BlackElo "1932"]
[PlyCount "164"]
[EventDate "2009.08.15"]
[EventType "swiss"]
[EventRounds "9"]
[EventCountry "GER"]
[SourceTitle "CBM 131 Extra"]
[Source "ChessBase"]
[SourceDate "2009.09.03"]
[SourceVersion "2"]
[SourceVersionDate "2009.09.16"]
[SourceQuality "1"]

1. e4 e6 2. d4 d5 3. exd5 exd5 4. Bd3 c5 5. Qe2+ Be6 6. dxc5 Bxc5 7. c3 Qf6 8. Nf3 h6 9. Be3 Bxe3 10. Qxe3 Nc6 11. 0-0 Nge7 12. Re1 0-0 13. Nbd2 Rfe8 14. Nd4 Nxd4 15. Qxd4 Qxd4 16. cxd4 Nc6 17. Bb5 Rec8 18. Bxc6 Rxc6 19. Nb3 Rc2 20. Rab1 b6 21. Na1 Rc4 22. Rbd1 a5 23. Re3 Rac8 24. Red3 Bf5 25. R3d2 Re8 26. f3 Rec8 27. Kf2 h5 28. Re1 a4 29. b3 Rc1 30. bxa4 Rxe1 31. Kxe1 Rc4 32. a5 bxa5 33. Nb3 a4 34. Nc5 a3 35. Ke2 Rb4 36. Ke3 Rb2 37. Nd3 Rb8 38. Rc2 g5 39. Rc3 Re8+ 40. Kd2 Ra8 41. Rb3 Kg7 42. Kc3 Ra4 43. Rb4 Ra7 44. Rb5 f6 45. Nc5 Kg6 46. Rb7 Ra8 47. Rb6 Re8 48. Kd2 Ra8 49. Ra6 Rb8 50. Nb3 Rc8 51. Nc5 Rb8 52. Nb3 Bb1 53. Rxa3 Bxa2 54. Rxa2 Rxb3 55. Ke2 g4 56. fxg4 hxg4 57. Ra5 Rb2+ 58. Kf1 Kf5 59. Rxd5+ Ke4 60. Rd6 f5 61. Re6+ Kxd4 62. Re2 Rb5 63. Kf2 f4 64. Ra2 Ke4 65. Ra4+ Kf5 66. Ra2 Rb4 67. Rc2 Ke4 68. Re2+ Kd3 69. Ra2 Rb3 70. Re2 Rc3 71. Ra2 Rc5 72. Ra3+ Ke4 73. Ra4+ Kf5 74. Ra2 Kg5 75. Rd2 Kh4 76. Ra2 Rc3 77. Rb2 f3 78. gxf3 Rxf3+ 79. Kg2 Rd3 80. Ra2 Kg5 81. Ra4 Rd2+ 82. Kg3 Kh5 1/2-1/2